| 000 | 00669nam a22001577a 4500 | ||
|---|---|---|---|
| 003 | OSt | ||
| 005 | 20150928174553.0 | ||
| 008 | 150928b xxu||||| |||| 00| 0 eng d | ||
| 040 | _cRUA | ||
| 082 | _aATM.Sp TAN 2003 B059 Or.1 | ||
| 100 |
_91520 _aTANN, SOVANNARATH. |
||
| 245 | _aResult of pilot project of of rubber smallholders development in cambodia 1999-2002, លទ្ធផលគំរោងពិសោធន៍នៃការអភិវឌ្ឍន៍ដំណាំកៅស៊ូគ្រួសារនៅកម្ពុជាឆ្នាំ១៩៩៩-២០០២ | ||
| 260 |
_aPhnom Penh _bRUA _c2003 |
||
| 300 |
_a57p. _bill. _c29cm. |
||
| 942 |
_2ddc _cATMSP |
||
| 999 |
_c1430 _d1430 |
||